000
00316nam a2200133Ia 4500
008
231129s1965||||xx |||||||||||||| ||spa||
040
_b
spa
082
_a
Co863 B242p
100
_a
Barco de Valderrama Lucy
245
0
_a
La picua ceba : novela
260
_c
1965
264
_a
Ediciones Lerner
942
_2
ddc
_c
BKS
999
_c
17920
_d
17920